Química de la fabricación de papel (Record no. 123531)
[ view plain ]
| 000 -LEADER | |
|---|---|
| campo de control de longitud fija | 00800nam a2200193 4500 |
| 001 - NÚMERO DE CONTROL | |
| campo de control | 123531 |
| 003 - IDENTIFICADOR DE NÚMERO DE CONTROL | |
| campo de control | ES-MaACL |
| 007 - CAMPO FIJO DE DESCRIPCIÓN FÍSICA--INFORMACIÓN GENERAL | |
| campo de control de longitud fija | t| |
| 008 - DATOS DE LONGITUD FIJA--INFORMACIÓN GENERAL | |
| campo de control de longitud fija | 070214m19501952sp r ||||1| spa d |
| 245 00 - MENCIÓN DEL TÍTULO | |
| Título | Química de la fabricación de papel |
| Resto del título | : teoría y práctica. |
| 260 ## - PUBLICACIÓN, DISTRIBUCIÓN, ETC. | |
| Lugar de publicación, distribución, etc. | Alcoy : |
| Nombre del editor, distribuidor, etc. | [s.n.], |
| Fecha de publicación, distribución, etc. | 1950-1952 ( |
| Fabricante | Tip.S.B.A.) |
| 300 ## - DESCRIPCIÓN FÍSICA | |
| Extensión | 2 t. : |
| Otras características físicas | il. ; |
| Dimensiones | 22 cm. |
| 505 8# - NOTA DE CONTENIDO CON FORMATO | |
| Nota de contenido con formato | Contiene: Tomo I. Química de la celulosa y de los materiales celulósicos por Luis Pallás Miguel. Tomo III. Fabricación de las pastas de celulosa por Joaquín Navarro Sagrista |
| 700 1# - ENTRADA AGREGADA--NOMBRE PERSONAL | |
| Nombre de persona | Pallás Miguel, Luis. |
| 9 (RLIN) | 88589 |
| 700 1# - ENTRADA AGREGADA--NOMBRE PERSONAL | |
| Nombre de persona | Navarro Sagrista, Joaquín. |
| 9 (RLIN) | 85169 |
| 740 0# - ENTRADA AGREGADA--TÍTULO RELACIONADO/ANALÍTICO NO CONTROLADO | |
| Título relacionado o analítico no controlado | Química de la celulosa y de los materiales celulósicos. |
| 740 0# - ENTRADA AGREGADA--TÍTULO RELACIONADO/ANALÍTICO NO CONTROLADO | |
| Título relacionado o analítico no controlado | Fabricación de las pastas de celulosa. |
| 852 ## - LOCALIZACIÓN | |
| Ubicación | ES-MaACL |
| Número de control de estantería | E-4745-6 |
| Estatus retirado | Estado de pérdida | Estado de daño | No para préstamo | Biblioteca de origen | Biblioteca actual | Ubicación en estantería | Fecha de adquisición | Fuente de adquisición | Total de préstamos | Signatura topográfica completa | Código de barras | Visto por última vez | Precio de reemplazo | Tipo de ítem Koha |
|---|---|---|---|---|---|---|---|---|---|---|---|---|---|---|
| Biblioteca del Ateneo de Madrid | Biblioteca del Ateneo de Madrid | Depósito 2 | 17/01/2008 | E-4745-6 | 1128707 | 23/02/2023 | 23/02/2023 | Libro impreso |
